Les Stéphane célèbres - Statistiques

Statistiques générales
  • Ce quiz a été pris 200 fois
  • Le résultat moyen est 6 sur 16
Statistiques - réponses
Par images Réponse % Correct
Stéphane Bern
99%
Stéphane Plaza
95%
Stéphane Guillon
52%
Stéphane Guivarc'h
51%
Stéphane Diagana
49%
Stéphane Ruffier
48%
Stéphane Rotenberg
46%
Stéphane Collaro
38%
Stéphane Le Foll
29%
Stéphane Audran
27%
Stéphane Sirkis
18%
Stéphane Mallarmé
17%
Stéphane Peterhansel
16%
Stéphane Peyron
3%
Stéphane Traineau
1%
Stéphane Allix
0%
Aucun quiz correspondant
Distribution des résultats
% des personnes avec chaque résultat
Percentile par nombre de réponses
Votre historique - résultats
Vous n’avez pas pris ce quiz